| 000 | 01087nam0a2200337 4500 | ||
|---|---|---|---|
| 001 | RU\NLR\bibl\287742 | ||
| 005 | 20260405100914.0 | ||
| 010 |
_a5-7905-1330-1 _910000 |
||
| 021 |
_aRU _b2002-13716 _9689 |
||
| 035 | _a(NLR Aleph) 000283159 | ||
| 090 |
_a1657271 _c1657271 |
||
| 100 | _a20020711d2002 |||y0rusy50 ca | ||
| 101 | 0 | _arus | |
| 102 | _aRU | ||
| 105 | _aa ||||||||| | ||
| 200 | 1 |
_aМагия Запада _e[Магич. системы и колдовство] _fЛеонард Малевин |
|
| 210 |
_aМ. _cРИПОЛ КЛАССИК _d2002 |
||
| 215 |
_a710 с. _cил. _d27 |
||
| 320 | _aБиблиогр.: с. 707-709 | ||
| 606 | 0 |
_aМагия _91615580 _3RU\NLR\auth\66712354 |
|
| 610 | 0 | _aМагия | |
| 675 |
_a133.4 _v3 _zrus |
||
| 686 | _aЭ240.03 | ||
| 700 | 1 |
_4070 _8rus _7ca _aМалевин _bЛ. И. _f1954- _gЛеонард Иванович _3RU\NLR\auth\7736976 _919965 |
|
| 801 | 0 |
_aRU _bRKP _c20020711 _gPSBO |
|
| 801 | 1 |
_aRU _bRKP _c20020711 |
|
| 801 | 2 |
_aRU _bNLR _c20060417 _grcr |
|
| 942 | _cBOOK | ||
| 980 | _aNB | ||